000 00579nam a2200205 a 4500
001 2058618
005 20180220093215.0
008 930609s1992 flua 001 0 eng
010 _a 93164099
040 _aDLC
_cDLC
041 _aeng
080 _a808.8 AND
082 0 0 _a808.8 AND
_220
100 _a21
101 _aGJL
245 0 0 _aMasterpieces from world literature /
_cedited by Jan Anderson.
906 _a7
_bcbc
_corignew
_d2
_encip
_f19
_gy-gencatlg
942 _2ddc
_cBK
999 _c42957
_d42957